000
00279nam a22001337a 4500
020
_a
2825406732
082
_a
266 BIT
100
_a
Bittlinger Arnold
245
_a
The Church is Charismatic
260
_a
Geneva
_b
WCC
_c
1981
300
_a
241
650
_a
Mission
942
_c
BK
999
_c
20085
_d
20085